Poesía clásica japonesa
I tiakina i:
| Kaituhi matua: | |
|---|---|
| Hōputu: | Pukapuka |
| Reo: | Pāniora |
| I whakaputaina: |
Madrid
Trotta
2008
|
| Rangatū: | Pliegos de Oriente. Lejano Oriente, 14
|
| Ngā marau: | |
| Ngā Tūtohu: |
Tāpirihia he Tūtohu
Kāore He Tūtohu, Me noho koe te mea tuatahi ki te tūtohu i tēnei pūkete!
|
MARC
| LEADER | 00000cam a2200000 a 4500 | ||
|---|---|---|---|
| 001 | UCG8746 | ||
| 003 | CL-VaPUC | ||
| 008 | 111229e20080000SP |||||||||||||||||spa|d | ||
| 020 | |a 9788481647556 | ||
| 082 | 0 | 4 | |a 895.609 |b DUT |2 21 |
| 100 | 0 | |a Duthie, Torquil |e author |9 559899 | |
| 245 | 1 | 0 | |a Poesía clásica japonesa |
| 246 | 1 | 0 | |a Kokinwakashu |
| 300 | |a 176 p | ||
| 942 | |c BK | ||
| 945 | |d 20111229 00:00:00 |a dcastane | ||
| 260 | |a Madrid |b Trotta |c 2008 | ||
| 650 | 0 | |a Poesías japonesas |9 319966 | |
| 650 | 0 | |a Literatura japonesa |9 266543 | |
| 583 | |a last modification |c 20111229 10:48:00 |k Rodrigo Vera | ||
| 490 | 0 | |a Pliegos de Oriente. Lejano Oriente, 14 | |
| 999 | |c 346344 |d 346342 | ||
| 952 | |0 0 |1 0 |4 0 |6 895_609000000000000_DUT_2008 |7 0 |8 A |9 447007 |a BIBART |b BIBART |d 2019-11-22 |i 4815564 |l 3 |o 895.609 DUT 2008 |p 4815564 |r 2025-03-13 |s 2023-10-10 |w 2019-11-22 |y BK |k ART | ||